| 000 | 01778nam0a22003371 4500 | ||
|---|---|---|---|
| 001 | rc\2802622 | ||
| 005 | 20260531082559.0 | ||
| 035 | _a(NLR Aleph) 006928635 | ||
| 090 |
_a7523670 _c7523670 |
||
| 100 | _a20110915d1936 |||y0rusy50 ca | ||
| 101 | 0 | _arus | |
| 102 | _aRU | ||
| 105 | _aa z ||0z| | ||
| 200 | 1 |
_aМатериалы по лоции Южно-Таймырского водного пути _fГидрогр. упр. Главсевморпути при СНК СССР |
|
| 210 |
_aЛенинград _cИзд-во Главсевморпути _d1936 _gтип. "Коминтерн" |
||
| 215 |
_aОбл., 117, [2] с. _cил. _d26х18 |
||
| 300 | _aИз предисл.: "Сост.: Д. А. Богдановым, К. А. Фрейманом и Ю. М. Петранди" | ||
| 607 |
_aЮжно-Таймырский водный путь _xЛоция _92019719 _3RU\NLR\AUTH\661214261 |
||
| 617 |
_aСССР _mАзиатская часть _mСевер _mТаймыр, полуостров |
||
| 686 | _aО471.12,1(91) | ||
| 702 | 1 |
_4220 _aФрейман _bК. А. _cгидрограф _9137651 _3RU\NLR\AUTH\770137686 |
|
| 702 | 1 |
_4220 _aПетранди _bЮ. М. _cгидрограф _f1892-1938 _gЮрий Михайлович _9137649 _3RU\NLR\AUTH\770137684 |
|
| 702 | 1 |
_4220 _aБогданов _bД. А. _cгидрограф _gДмитрий Александрович _9137650 _3RU\NLR\AUTH\770137685 |
|
| 712 | 0 | 1 |
_4570 _aСССР _bГлавное управление Северного морского пути _bГидрографическое управление _9515927 _3RU\NLR\AUTH\8810009104 |
| 801 | 0 |
_aRU _bNLR _gpsbo |
|
| 801 | 1 |
_aRU _bELAR _2rusmarc |
|
| 801 | 2 |
_aRU _bNLR _c20140924 _2rusmarc |
|
| 852 |
_aNLR _j36-5/14 |
||
| 942 | _cBOOK | ||
| 980 | _aNB | ||